000
00324nam a22001457a 4500
008
210429b ||||| |||| 00| 0 eng d
020
_a
9781856194723
041
_a
eng
080
_a
94
082
_a
94
100
_a
16
101
_a
HIS
245
_a
An Intimate History of Humanity
_c
Theodore Zeldin
942
_2
udc
_c
BK
999
_c
57028
_d
57028